| 000 | 01106nam0a22002771 4500 | ||
|---|---|---|---|
| 001 | rc\929658 | ||
| 005 | 20250622045043.0 | ||
| 035 | _a(NLR Aleph) 006102971 | ||
| 090 |
_a5278501 _c5278501 |
||
| 100 | _a20041129d1982 |||y0rusy50 ca | ||
| 101 | 0 | _arus | |
| 102 | _aRU | ||
| 105 | _ay ||||||||| | ||
| 200 | 1 |
_aПоперечное развитие электронно-фотонных ливней, образованных гамма-квантами с энергией Е "гамма" - (60-3000) МэВ _fБ. Словинский, В. Чай, С. Пржибышевска-Чай |
|
| 210 |
_aДубна _cОИЯИ _d1982 |
||
| 215 |
_a7 с. _d21 |
||
| 225 | 1 |
_aСообщения Объединенного института ядерных исследований _vР1-82-689 |
|
| 320 | _aБиблиогр.: с. 6-7 (5 назв.) | ||
| 700 | 1 |
_aСловинский _bБ.И. _gБронислав И. |
|
| 701 | 1 |
_aЧай _bВ. |
|
| 701 | 1 |
_aПржибышевска-Чай _bС. |
|
| 801 | 0 |
_aRU _bNLR _gpsbo |
|
| 801 | 1 |
_aRU _bELAR _2rusmarc |
|
| 852 |
_aNLR _j83-6/3187 |
||
| 942 | _cBOOK | ||
| 980 | _aNB | ||